| 000 | 00521nam a2200217Ia 4500 | ||
|---|---|---|---|
| 003 | OSt | ||
| 005 | 20221005130031.0 | ||
| 006 | a|||||r|||| 00| 0 | ||
| 007 | ta | ||
| 008 | 221004b |||||||| |||| 00| 0 eng d | ||
| 024 | _a118897 | ||
| 037 | _cTextual | ||
| 040 |
_aCRL _cCRL _beng |
||
| 041 |
_2eng _aeng |
||
| 100 |
_aPuni Amrik Singh _9637498 |
||
| 245 | 0 | _aPuran singh kavi Adhayan | |
| 260 | _c1979 | ||
| 650 | _aPUNJABI LITERATURE | ||
| 942 |
_cTEXL _2cc |
||
| 999 |
_c1055858 _d1055858 |
||